| 000 | 00893nac a22002171u 4500 | ||
|---|---|---|---|
| 010 | _a2004063108 | ||
| 020 | _a0273683675 | ||
| 082 | 0 | 0 |
_a658 _bJ721 |
| 090 |
_c1081 _d1081 |
||
| 100 | _aJohnston, Robert. | ||
| 245 | 1 | 0 |
_aService operations management : _bimproving service delivery / _cRobert Johnston and Graham Clark. |
| 250 | _a2nd ed. | ||
| 260 |
_aHarlow, England ; _aNew York : _bFT/Prentice Hall,2005 _c2005. |
||
| 300 |
_axix, 496 p. : _bill. ; _c25 cm. |
||
| 504 | _aIncludes bibliographical references and index. | ||
| 650 | 0 |
_aService industries _xManagement. |
|
| 700 | 1 | _aClark, Graham. | |
| 942 |
_cBB _k658J721 |
||
| 999 |
_c1081 _d1081 |
||